000 00484cam a2200193ua 4500
001 12189
005 20260515114840.0
008 200303n ii |||gr||||Z||||||eng
020 _a09752250
040 _cMAIN
082 _a050
100 _aMammen Mathew,
_eEditor.,
245 _aManorama yearbook 2018
_cEd by Mammen Mathew
250 _a53rd ed.
260 _aKottayam:
_bMalayala manorama,
_c2018.
300 _a1039p.
653 _aGeneral serial publications
942 _cBK
999 _c10936
_d10936